000 01342nab a22002537a 4500
999 _c5645
_d5645
003 OSt
005 20251226212727.0
008 190603e xxum|||| |||| 00| 0 spa d
040 _cPJ
100 _96455
_aLinovich, Jonathan
245 1 0 _aJurisprudencia destacada en "Créditos, privilegios y sobreendeudamiento: nuevas miradas sobre el derecho concursal" /
_cJonathan Linovich.
260 _cCiudad Autónoma de Buenos Aires :
_aThomson Reuters La Ley,
_b2025.
300 _ap. 128-129
500 _aCita: TR LALEY AR/DOC/1044/2025 Publicado en: RCCyC 2025 (junio).
505 _aSumario: I. Atribución del uso de la vivienda y quiebra del excónyuge.— II. Pequeño concurso.— III. Gastos y honorarios en proceso de quiebra.— IV. Pequeña quiebra.— V. Beneficio de litigar sin gastos.— VI. Inejecutabilidad de inmueble en la quiebra.— VII. Convenio OIT 173.
505 _t¿Te interesa el texto completo? Solicitalo al correo: koha@justierradelfuego.gov.ar
650 0 _91497
_aCODIGO CIVIL Y COMERCIAL
650 0 _91753
_aCONCURSO PREVENTIVO
650 0 _91737
_aCONCURSOS
650 0 _aQUIEBRA
_91739
650 0 _aJURISPRUDENCIA APLICABLE
_91057
773 0 _02713
_93170
_dCiudad Autónoma de Buenos Aires : Thomson Reuters La Ley, 2015-
_tRevista Código Civil y Comercial. Nº 3 - Junio 2025
942 _2udc
_cANA